Statistiques concernant Meilleurs buteurs de ligue 1 par club 2022-2023

Cliquez ici pour prendre le quiz!

Statistiques générales

  • Ce quiz a été pris 165 fois
  • Le résultat moyen est 10 sur 20

Statistiques - réponses

ClubsButeurs% Correct
ParisMbappé
100%
LyonLacazette
93%
MonacoBen Yedder
87%
LilleDavid
82%
LensOpenda
79%
MarseilleSanchez
74%
NiceMoffi
68%
RennesGouiri
62%
MontpellierWahi
62%
ReimsBalogun
57%
ToulouseDallinga
46%
NantesMohamed
39%
StrasbourgDiallo
34%
BrestLe Douaron
22%
TroyesBaldé
18%
ClermontKyei
18%
AuxerreNiang
17%
LorientKoné
10%
AngersSima
5%
AjaccioEl Idrissy
1%

Distribution des résultats

Percentile par nombre de réponses

% des personnes avec chaque résultat

Votre développement - résultats

Vous n’avez pas pris ce quiz